| 000 | 00457nam a2200193Ia 4500 | ||
|---|---|---|---|
| 008 | 170918s9999 xx 000 0 und d | ||
| 020 | _a9780545405713 | ||
| 050 | _bS543 2012 | ||
| 100 | _aSheinkin, Steve | ||
| 245 | _aLincoln's grave robbers / | ||
| 245 | _cSteve Sheinkin. | ||
| 260 | _aNew York : | ||
| 260 | _bScholastic, | ||
| 260 | _c2012 | ||
| 300 | _a214 pages : | ||
| 300 | _bcolored illustration ; | ||
| 300 | _c19cm. | ||
| 500 | _a930 | ||
| 999 |
_c342624 _d342624 |
||